000 00726nam a22002297a 4500
003 DO-SdBNP
005 20220531090449.0
007 ta
008 110301s2015 dr c 000 0 spa d
040 _aDO-SdBNP
_bspa
_cBNPHU
082 4 _axxxx
_bT266c
100 1 _aTejeda Ortiz, Dagoberto
_953018
_d1940-
245 1 3 _aEl contracarnaval en Dominicana y en Haití :
_bresistencia e identidad /
_cDagoberto Tejeda Ortiz
260 _aSanto Domingo :
_bIndefolk,
_c2015.
300 _a35 p. :
_bretr.
_c22 cm.
490 1 _aDagoberto Tejeda Ortiz
500 _aIncluye datos biográficos del autor.
590 _aInventariado, 2022/ YL
830 0 _pDagoberto Tejeda Ortiz
_981729
910 _aYLockward
942 _2ddc
_cLF2
999 _c51848
_d51848